Pescadores en América Latina y El Caribe (Record no. 96832)

MARC details
000 -LEADER
campo de control de longitud fija 02395nam a2200505 i 4500
001 - NÚMERO DE CONTROL
campo de control MOR01000097158
003 - IDENTIFICADOR DE NÚMERO DE CONTROL
campo de control $$amxdfmo
005 - FECHA Y HORA DE LA ÚLTIMA TRANSACCIÓN
campo de control 20260331150002.0
008 - DATOS DE LONGITUD FIJA--INFORMACIÓN GENERAL
campo de control de longitud fija 130624s2006 dfmdo grbi 001 0 spa d
020 ## - NÚMERO INTERNACIONAL ESTÁNDAR DEL LIBRO
Número Internacional Estándar del Libro 9789680300815
035 ## - NÚMERO DE CONTROL DEL SISTEMA
Número de control de sistema 131410
040 ## - FUENTE DE CATALOGACIÓN
Centro catalogador/agencia de origen mxcmmo
Lengua de catalogación spa
Centro/agencia transcriptor mxcmmo
Normas de descripción rda
041 0# - CÓDIGO DE IDIOMA
Código de lengua del texto/banda sonora o título independiente spa
043 ## - CÓDIGO DE ÁREA GEOGRÁFICA
Código de área geográfica cl-----
-- cc-----
045 ## - PERIODO DE TIEMPO DEL CONTENIDO
Código de periodo de tiempo y0y1
082 04 - NÚMERO DE LA CLASIFICACIÓN DECIMAL DEWEY
Número de clasificación 338.372
Número de ítem PES.e
245 00 - MENCIÓN DEL TÍTULO
Título Pescadores en América Latina y El Caribe
Resto del título : espacio, población, producción y política/
Mención de responsabilidad, etc. Graciela Alcalá (Editora), Alejandro Camargo (Asistente de dirección) ; Brián Ferrero [y otros]
250 ## - MENCION DE EDICION
Mención de edición Primera edición
264 #1 - PRODUCCIÓN, PUBLICACIÓN, DISTRIBUCIÓN, FABRICACIÓN Y COPYRIGHT
Producción, publicación, distribución, fabricación y copyright México, D. F.:
Nombre del de productor, editor, distribuidor, fabricante Universidad Nacional Autónoma de México, Facultad de Ciencias, Unidad Multidisciplinaria de docencia e investigación-SISAL, Yucatán,
Fecha de producción, publicación, distribución, fabricación o copyright 2011
300 ## - DESCRIPCIÓN FÍSICA
Extensión 2 volúmenes:
Otras características físicas fotos, diagramas;
Dimensiones 23 cm
336 ## - TIPO DE CONTENIDO
Término de tipo de contenido texto
Código de tipo de contenido txt
Fuente rdacontent
337 ## - TIPO DE MEDIO
Nombre/término del tipo de medio sin medio
Código del tipo de medio n
Fuente rdamedia
338 ## - TIPO DE SOPORTE
Nombre/término del tipo de soporte volumen
Código del tipo de soporte nc
Fuente rdacarrier
504 ## - NOTA DE BIBLIOGRAFÍA, ETC.
Nota de bibliografía, etc. Nota Incluye referencias bibliográficas
650 #7 - PUNTO DE ACCESO ADICIONAL DE MATERIA--TÉRMINO DE MATERIA
Término de materia o nombre geográfico como elemento de entrada Pesca
Subdivisión geográfica Caribe
Subdivisión general Aspectos económicos
-- Alocuciones, ensayos, conferencias
9 (RLIN) 169606
650 #7 - PUNTO DE ACCESO ADICIONAL DE MATERIA--TÉRMINO DE MATERIA
Término de materia o nombre geográfico como elemento de entrada Pesca
Subdivisión geográfica Caribe
Subdivisión general Aspectos sociales
-- Alocuciones, ensayos, conferencias
9 (RLIN) 169607
650 #7 - PUNTO DE ACCESO ADICIONAL DE MATERIA--TÉRMINO DE MATERIA
Término de materia o nombre geográfico como elemento de entrada Pesca
Subdivisión geográfica Hispanoamérica
Subdivisión general Aspectos económicos
-- Alocuciones, ensayos, conferencias
9 (RLIN) 169608
650 #7 - PUNTO DE ACCESO ADICIONAL DE MATERIA--TÉRMINO DE MATERIA
Término de materia o nombre geográfico como elemento de entrada Pesca
Subdivisión geográfica Hispanoamérica
Subdivisión general Aspectos sociales
-- Alocuciones, ensayos, conferencias
9 (RLIN) 169609
650 #7 - PUNTO DE ACCESO ADICIONAL DE MATERIA--TÉRMINO DE MATERIA
Término de materia o nombre geográfico como elemento de entrada Pescadores
Subdivisión geográfica Caribe
Subdivisión general Aspectos sociales
-- Alocuciones, ensayos, conferencias
9 (RLIN) 169610
650 #7 - PUNTO DE ACCESO ADICIONAL DE MATERIA--TÉRMINO DE MATERIA
Término de materia o nombre geográfico como elemento de entrada Pescadores
Subdivisión geográfica Hispanoamérica
Subdivisión general Aspectos sociales
-- Alocuciones, ensayos, conferencias
9 (RLIN) 169611
700 1# - ENTRADA AGREGADA--NOMBRE PERSONAL
Nombre de persona Alcalá, Graciela
Término indicativo de función/relación editor
9 (RLIN) 205593
700 1# - ENTRADA AGREGADA--NOMBRE PERSONAL
Nombre de persona Camargo, Alejandro
Término indicativo de función/relación editor
9 (RLIN) 169612
700 1# - ENTRADA AGREGADA--NOMBRE PERSONAL
Nombre de persona Ferrero, Brián
Término indicativo de función/relación
9 (RLIN) 169613
710 1# - ENTRADA AGREGADA--NOMBRE DE ENTIDAD CORPORATIVA
Nombre de entidad corporativa o nombre de jurisdicción como elemento de entrada Universidad Nacional Autónoma de México
Unidad subordinada Facultad de Ciencias
-- Unidad Multidisciplinaria de docencia e investigación-SISAL, Yucatán
9 (RLIN) 169614
900 ## - ELEMENTOS DE DATOS A LOCAL, LDA (RLIN)
Nombre de persona DIAQUE
Numeración 30
Títulos y otros términos asociados al nombre 20130709
Lenguaje de la obra MOR01
-- 1133
900 ## - ELEMENTOS DE DATOS A LOCAL, LDA (RLIN)
Nombre de persona DIAQUE
Numeración 30
Títulos y otros términos asociados al nombre 20130709
Lenguaje de la obra MOR01
-- 1135
900 ## - ELEMENTOS DE DATOS A LOCAL, LDA (RLIN)
Nombre de persona DIAQUE
Numeración 30
Títulos y otros términos asociados al nombre 20130709
Lenguaje de la obra MOR01
-- 1135
900 ## - ELEMENTOS DE DATOS A LOCAL, LDA (RLIN)
Nombre de persona DIAQUE
Numeración Eunice González Valencia
Títulos y otros términos asociados al nombre 20130709
Lenguaje de la obra MOR01
-- 1132
900 ## - ELEMENTOS DE DATOS A LOCAL, LDA (RLIN)
Nombre de persona KLASY
Numeración 30
Títulos y otros términos asociados al nombre 20130718
Lenguaje de la obra MOR01
-- 1219
900 ## - ELEMENTOS DE DATOS A LOCAL, LDA (RLIN)
Nombre de persona LUIS
Numeración 02
Títulos y otros términos asociados al nombre 20130624
Lenguaje de la obra MOR01
-- 1504
900 ## - ELEMENTOS DE DATOS A LOCAL, LDA (RLIN)
Nombre de persona LUIS
Numeración 02
Títulos y otros términos asociados al nombre 20130624
Lenguaje de la obra MOR01
-- 1504
900 ## - ELEMENTOS DE DATOS A LOCAL, LDA (RLIN)
Nombre de persona VOBO
Numeración 40
Títulos y otros términos asociados al nombre 20130719
Lenguaje de la obra MOR01
-- 1458
904 ## - ELEMENTOS DE DATOS D LOCAL, LDD (RLIN)
a UPDATE
942 ## - ELEMENTOS DE ENTRADA SECUNDARIOS (KOHA)
Código de la institución [OBSOLETO] BK
901 ## - ELEMENTOS DE DATOS A LOCAL LDA (RLIN)
a batch batch
Holdings
Estatus retirado Estado de pérdida Fuente del sistema de clasificación o colocación Estado de daño No para préstamo Colección Biblioteca de origen Biblioteca actual Ubicación en estantería Fecha de adquisición Fuente de adquisición Enumeración/cronología de publicación seriada Número de inventario Total de préstamos Signatura topográfica completa Código de barras Visto por última vez Precio de reemplazo Tipo de ítem Koha
    Clasificación Decimal Dewey     Libros (General) Biblioteca Instituto Mora Biblioteca Instituto Mora Regular 09/07/2013 Donación v. 1 123886   (G)/338.372 PES.e 33068001297207 03/09/2024 03/09/2024 Libro préstamo regular
    Clasificación Decimal Dewey     Libros (General) Biblioteca Instituto Mora Biblioteca Instituto Mora Regular 18/07/2013   v. 2 123887   (G)/338.372 PES.e 33068001228772 03/09/2024 03/09/2024 Libro préstamo regular